| 000 | 00445nam a2200145Ia 4500 | ||
|---|---|---|---|
| 008 | 230917s9999||||xx |||||||||||||| ||und|| | ||
| 040 |
_e67510 _aMAIN |
||
| 041 | _aEnglish | ||
| 082 | _a547.139 K749O | ||
| 100 | _aKnipe, A C, ed | ||
| 245 | 0 | _aOrganic reaction mechanisms, 1977: an annual survey covering the literature dated December 1976 through Novermber 1977 | |
| 260 |
_aChichester _bJohn Wiley _c1978 |
||
| 300 | _a741 p. | ||
| 942 | _cBK | ||
| 999 |
_c200285 _d200285 |
||